| 000 | 00902 a2200205 4500 | ||
|---|---|---|---|
| 001 | 58987 | ||
| 005 | 20260407155844.0 | ||
| 008 | 260407a1969 arg spa d | ||
| 003 | AR-UNSa-BCEJYS | ||
| 040 |
_aAR-UNSa-BCEJYS _bspa _cAR-UNSa-BCEJYS |
||
| 080 |
_a338.43 _xAgricultura como una rama de la economía. Economía de los productos alimenticios |
||
| 245 | 1 | 0 |
_aLa crisis económica de la agricultura _pcon un apendice sobre la teoría del crecimiento económico y la rentabilidad de la agriculturaan América Latina |
| 264 | 1 |
_aBuenos Aires : _bAlianza _c1969 |
|
| 300 |
_a200 p. _c19 cm. |
||
| 505 | _a1. Una interpretación económica - 2. La agricultura tradicional - 3. La agricultura tradicional como fuente de crecimiento económico - 4. La agricultura moderna. | ||
| 942 | _cBK | ||
| 590 | _aniveau_biblio:m niveau_hierar:0 | ||
| 100 | 1 | _aSchultz, Theodore W. | |
| 700 | 1 | _aVergara, José | |
| 999 |
_c6540 _d6540 |
||